000 00627nam a22001577a 4500
999 _c534618
_d534618
020 _qHard Cover.
082 _a620.0011
100 _aZulfqar, Muzammal
245 _aDevelopment of gadolinium doped ceria (GDC) electrolytes and effects of lutetium (Lu) addition for intermediate temperature solid oxide fuel cell (IT-SOFC) applications /
_cMuzammal Zulfqar.
260 _aIslamabad:
_bUSPCASE - NUST,
_c2017.
300 _a95 p. :
_bill. ;
_c30cm.
942 _2ddc
_cTHE
650 _aEnergy System Engineering MS-Thesis.
_928868
700 _aDr. Zubair S. Khan
_928889